000 00274nam a2200109Ia 4500
008 200302s9999 xx 000 0 und d
100 _aLisa Lovatt- Smith
245 _aNew York Living
260 _bAn Imprint of Harper Collins Publishers
260 _c1999
300 _a214 P.,
999 _c2028
_d2028